|
|
|
|
| LEADER |
00000nam a2200000 a 4500 |
| 001 |
1/127113 |
| 008 |
230802s1956####gr | ||| |||| ||gre|| |
| 040 |
|
|
|a GR-MyUa
|b gre
|c GR-MyUa
|e AACR2
|
| 041 |
0 |
|
|a gre
|
| 082 |
7 |
|
|a 938.991
|2 (23)
|
| 100 |
1 |
|
|a Βατίδου, Όλγα Κ.,
|d 1905-1987.
|
| 245 |
1 |
2 |
|a Η χριστιανικότητα των Τούρκων και οι Έλληνες της Μικρασίας /
|c Όλγας Βατίδου.
|
| 260 |
|
|
|a Αθήνα :
|b [χ.ό.],
|c 1956.
|
| 300 |
|
|
|a 96 σ. ;
|c 22 εκ.
|
| 504 |
|
|
|a Περιλαμβάνει ευρετήριο.
|
| 650 |
|
0 |
|a Greeks
|z Turkey.
|
| 650 |
|
0 |
|a Islam
|x Relations
|x Christianity.
|
| 852 |
|
|
|a INST
|b LESVOS
|e 20230802
|h 938.991 ΒΑΤ
|p 005100064444
|q 005100064444
|t BK
|y 0
|
| 970 |
|
|
|a Καμάτσου
|b Δέσποινα
|z 02-08-2023
|